书目信息 |
| 题名: |
道路工程设计
|
|
| 作者: | 于国锋 主编 | |
| 分册: | ||
| 出版信息: | 沈阳 东北大学出版社 2006.08 |
|
| 页数: | 187页 | |
| 开本: | 26cm | |
| 丛书名: | 高职高专道路桥梁工程技术专业规划教材 | |
| 单 册: | ||
| 中图分类: | U41 | |
| 科图分类: | ||
| 主题词: | 道路工程--dao lu gong cheng--教材 | |
| 电子资源: | ||
| ISBN: | 7-81102-297-4 | |
| 000 | 00969nam 2200253 450 | |
| 001 | 012007228829 | |
| 005 | 20210628154117.45 | |
| 010 | @a7-81102-297-4@dCNY32.00 | |
| 100 | @a20070227d2006 km y0chiy0120 ea | |
| 101 | 0 | @achi |
| 102 | @aCN@b210000 | |
| 105 | @aa a 000yy | |
| 200 | 1 | @a道路工程设计@Adao lu gong cheng she ji@f于国锋主编@Fyu guo feng zhu bian |
| 210 | @a沈阳@c东北大学出版社@d2006.08 | |
| 215 | @a187页@c图@d26cm | |
| 225 | 2 | @a高职高专道路桥梁工程技术专业规划教材@Agao zhi gao zhuan dao lu qiao liang gong cheng ji shu zhuan ye gui hua jiao cai |
| 320 | @a有书目 (第187页) | |
| 330 | @a本书内容包括:路基工程总论、路基强度与稳定性,一般路基设计,特殊路基设计,路基排水,路基防护与加固等。本书与工程设计的实际相结合。 | |
| 410 | 0 | @12001 @a高职高专道路桥梁工程技术专业规划教材 |
| 606 | 0 | @a道路工程@Adao lu gong cheng@j教材 |
| 690 | @aU41@v4 | |
| 701 | 0 | @a于国锋@Ayu guo feng@4主编 |
| 801 | 0 | @aCN@c20070521 |
| 905 | @a10447@dU41@eY705 | |
| 道路工程设计/于国锋主编.-沈阳:东北大学出版社,2006.08 |
| 187页:图;26cm.-(高职高专道路桥梁工程技术专业规划教材) |
| ISBN 7-81102-297-4:CNY32.00 |
| 本书内容包括:路基工程总论、路基强度与稳定性,一般路基设计,特殊路基设计,路基排水,路基防护与加固等。本书与工程设计的实际相结合。 |
| ● |
| 相关链接 |
|
|
|
正题名:道路工程设计
索取号:U41/Y705
 
预约/预借
| 序号 | 登录号 | 条形码 | 馆藏地/架位号 | 状态 | 备注 |
| 1 | 236551 | 202365519 | 自科库501/501自科库 50排6列5层/ [索取号:TV-U41/Y705] | 在馆 | |
| 2 | 236552 | 202365528 | 自科库501/501自科库 50排6列5层/ [索取号:TV-U41/Y705] | 在馆 | |
| 3 | 236553 | 202365537 | 自科库501/501自科库 50排6列5层/ [索取号:TV-U41/Y705] | 在馆 |